[Event "Wales Fishguard op"]
[Site "Wales"]
[Date "2004.??.??"]
[Round "1"]
[White "Van Kemenade, Julie"]
[Black "Bourne, James"]
[Result "0-1"]
[WhiteElo "1680"]
[BlackElo "1845"]
[PlyCount "62"]
[EventDate "2004.??.??"]
[EventType "swiss"]
[EventRounds "5"]
[EventCountry "WLS"]
[SourceTitle "EXT 2007"]
[Source "ChessBase"]
[SourceDate "2006.11.23"]
[SourceVersion "1"]
[SourceVersionDate "2006.11.23"]
[SourceQuality "1"]

1. e4 e5 2. Nf3 Nc6 3. Bb5 a6 4. Ba4 Nf6 5. d3 b5 6. Bb3 Be7 7. 0-0 0-0 8. Re1 d6 9. c3 Nb8 10. Nbd2 Bb7 11. Nf1 Nbd7 12. Ng3 Nc5 13. Bc2 Re8 14. h3 Bf8 15. Bg5 h6 16. Bd2 g6 17. Nh2 d5 18. Qe2 dxe4 19. dxe4 Kh7 20. Rad1 Qe7 21. Be3 Ncxe4 22. Nxe4 Bxe4 23. Bxe4 Nxe4 24. Bxh6 Nxc3 25. bxc3 Bxh6 26. Ng4 Bg7 27. Rd5 Rad8 28. Rxe5 Bxe5 29. Qe3 Bf4 30. Qxf4 Qxe1+ 31. Kh2 Qe7 0-1

[Event "South Wales Masters 6th"]
[Site "Newport"]
[Date "2001.??.??"]
[Round "4"]
[White "Cobb, James"]
[Black "Bourne, James"]
[Result "1-0"]
[WhiteElo "2351"]
[BlackElo "2178"]
[PlyCount "81"]
[EventDate "2001.01.08"]
[EventType "tourn"]
[EventRounds "9"]
[EventCountry "WLS"]
[EventCategory "2"]
[SourceTitle "CBM 080 Extra"]
[Source "ChessBase"]
[SourceDate "2001.03.08"]
[SourceVersion "1"]
[SourceVersionDate "2001.03.08"]
[SourceQuality "1"]

1. Nf3 Nf6 2. c4 g6 3. g3 Bg7 4. Bg2 0-0 5. 0-0 d6 6. d4 Nc6 7. Nc3 Bf5 8. Re1 Ne4 9. Nd5 Bd7 10. Ne3 e6 11. d5 Ne7 12. Nd4 Nc5 13. Nec2 e5 14. Nf3 a5 15. Rb1 h6 16. b3 f5 17. a3 b6 18. Bd2 Ne4 19. b4 axb4 20. Bxb4 g5 21. e3 Ng6 22. Nd2 Nf6 23. Bc3 Kh8 24. Ra1 Qc8 25. Nb4 f4 26. Nc6 Rf7 27. a4 g4 28. exf4 exf4 29. Nd4 f3 30. Bf1 Ne5 31. Qc2 h5 32. Ne4 Nxe4 33. Qxe4 Rxa4 34. Rxa4 Bxa4 35. Ne6 Bf6 36. Qf5 Qg8 37. Ra1 Bd7 38. Bd3 Bxe6 39. dxe6 Rf8 40. Qxh5+ Kg7 41. Bxe5 1-0

[Event "Staffordshire op"]
[Site "Lichfield"]
[Date "2000.07.08"]
[Round "3"]
[White "Bennet, Hilton"]
[Black "Bourne, James"]
[Result "1/2-1/2"]
[WhiteElo "2180"]
[BlackElo "2150"]
[PlyCount "94"]
[EventDate "2000.07.06"]
[EventType "swiss"]
[EventRounds "9"]
[EventCountry "ENG"]
[SourceTitle "EXT 2001"]
[Source "ChessBase"]
[SourceDate "2000.11.22"]
[SourceVersion "1"]
[SourceVersionDate "2000.11.22"]
[SourceQuality "1"]

1. d4 Nf6 2. c4 e6 3. Nc3 Bb4 4. e3 b6 5. Bd3 Bb7 6. Nf3 Ne4 7. Qc2 f5 8. 0-0 Bxc3 9. bxc3 0-0 10. Ne1 c5 11. f3 Nd6 12. e4 fxe4 13. fxe4 Rxf1+ 14. Kxf1 e5 15. Nf3 Nf7 16. Be3 d6 17. Qf2 Nd7 18. Qg3 Nf6 19. d5 Qd7 20. Kg1 Qg4 21. Qxg4 Nxg4 22. Bg5 Nxg5 23. Nxg5 Bc8 24. Rf1 Nf6 25. h3 h6 26. Nf3 Bd7 27. Nh4 Kf7 28. Nf5 Bxf5 29. Rxf5 Ke7 30. g4 Rf8 31. Kg2 Nh7 32. Kg3 Rf7 33. Bc2 Nf8 34. h4 Ng6 35. Rxf7+ Kxf7 36. Bd3 Nf4 37. Bf1 Ke7 38. Kf3 Kd8 39. a4 Kc7 40. Be2 Kd8 41. Bf1 Kc7 42. Be2 g5 43. h5 Kb7 44. Bd1 Ka6 45. Ke3 Ka5 46. Kd2 a6 47. Bb3 Nh3 1/2-1/2

[Event "Monarch Assurance 08th"]
[Site "Port Erin"]
[Date "1999.11.13"]
[Round "8"]
[White "Ryan, Joseph"]
[Black "Bourne, James"]
[Result "1-0"]
[WhiteElo "2280"]
[BlackElo "2105"]
[PlyCount "103"]
[EventDate "1999.11.06"]
[EventType "swiss"]
[EventRounds "9"]
[EventCountry "IOM"]
[SourceTitle "CBM 074"]
[Source "ChessBase"]
[SourceDate "2000.02.01"]
[SourceVersion "1"]
[SourceVersionDate "2000.02.01"]
[SourceQuality "1"]

1. e4 c6 2. d4 d5 3. Nd2 dxe4 4. Nxe4 Bf5 5. Ng3 Bg6 6. Nf3 Nf6 7. Bd3 e6 8. 0-0 Bd6 9. c4 Nbd7 10. b3 0-0 11. Bb2 c5 12. Bxg6 hxg6 13. Qe2 Qb6 14. Ne4 Nxe4 15. Qxe4 cxd4 16. Bxd4 Bc5 17. Bb2 Nf6 18. Qh4 Rfd8 19. Rae1 Rd7 20. Bxf6 gxf6 21. Qxf6 Bd4 22. Qf4 Rad8 23. h4 Qd6 24. Qg4 Qc5 25. Ng5 Bg7 26. h5 Rd4 27. Nxe6 fxe6 28. Qxe6+ Kh8 29. Qxg6 R4d6 30. Re8+ Rxe8 31. Qxe8+ Kh7 32. Re1 Rf6 33. Re3 Qf5 34. Qe4 Qxe4 35. Rxe4 Rf7 36. Kf1 Kh6 37. g4 Kg5 38. Ke2 Bb2 39. f3 Rd7 40. Kf2 Bc1 41. Kg3 Rf7 42. Re5+ Kh6 43. Re6+ Kh7 44. Re4 Rd7 45. f4 Rd2 46. g5 Rxa2 47. Re7+ Kh8 48. Rxb7 a5 49. g6 Rd2 50. h6 Rd8 51. c5 Rg8 52. Rh7# 1-0

[Event "BCF-chT2 9899 (4NCL)"]
[Site "England"]
[Date "1999.05.03"]
[Round "11.6"]
[White "Bourne, James"]
[Black "Richards, Paul"]
[Result "1-0"]
[WhiteElo "2085"]
[BlackElo "1528"]
[PlyCount "99"]
[EventDate "1998.10.??"]
[EventType "team"]
[EventRounds "11"]
[EventCountry "ENG"]
[SourceTitle "EXT 2000"]
[Source "ChessBase"]
[SourceDate "1999.11.16"]
[SourceVersion "1"]
[SourceVersionDate "1999.11.16"]
[SourceQuality "1"]
[WhiteTeam "BIG II"]
[BlackTeam "Invicta Knights Maidstone II"]
[WhiteTeamCountry "ENG"]
[BlackTeamCountry "ENG"]

1. d4 d5 2. c4 e6 3. Nc3 c6 4. e3 f5 5. Bd3 Nf6 6. Nge2 Bd6 7. Qc2 Ne4 8. Ng3 0-0 9. Nce2 Bb4+ 10. Kf1 Bd6 11. f3 Nxg3+ 12. hxg3 h6 13. Bd2 Qf6 14. Bc3 Qg5 15. Kf2 Nd7 16. Rh3 Nf6 17. Nf4 Nh7 18. Rah1 Qf6 19. Ke2 Ng5 20. R3h2 Bd7 21. Kd1 Rac8 22. Rh4 b5 23. c5 Bc7 24. e4 a5 25. e5 Qf7 26. g4 Bd8 27. R4h2 Be8 28. gxf5 exf5 29. Be1 Ne6 30. Nxe6 Qxe6 31. Bd2 f4 32. Be1 Bd7 33. Bh4 Bxh4 34. Rxh4 Rc7 35. Qd2 Qf7 36. Qxa5 Be6 37. Qd2 Ra7 38. Bb1 Ra4 39. b3 Ra7 40. Kc1 Bc8 41. Kb2 Ra8 42. Rh5 Qa7 43. Qd3 g6 44. Qxg6+ Qg7 45. Rxh6 Qxg6 46. Rxg6+ Kf7 47. Rf6+ Ke7 48. Rh7+ Ke8 49. Bg6+ Kd8 50. Rxf8# 1-0

[Event "Jersey op"]
[Site "St Helier"]
[Date "1999.02.17"]
[Round "4"]
[White "Hickman, John"]
[Black "Bourne, James"]
[Result "0-1"]
[WhiteElo "2136"]
[BlackElo "2085"]
[PlyCount "62"]
[EventDate "1999.02.??"]
[EventType "swiss"]
[EventRounds "7"]
[EventCountry "JCI"]
[SourceTitle "EXT 2000"]
[Source "ChessBase"]
[SourceDate "1999.11.16"]
[SourceVersion "1"]
[SourceVersionDate "1999.11.16"]
[SourceQuality "1"]

1. Nf3 d5 2. g3 Nf6 3. Bg2 e6 4. 0-0 c5 5. d3 Nc6 6. Nbd2 Be7 7. e4 b6 8. Re1 Bb7 9. e5 Nd7 10. Qe2 Qc7 11. h4 h6 12. Nf1 0-0-0 13. c4 Ndb8 14. Bf4 dxc4 15. dxc4 Nd4 16. Nxd4 cxd4 17. Bxb7+ Qxb7 18. Qd3 g5 19. Bd2 gxh4 20. Re4 Na6 21. b4 hxg3 22. Nxg3 Bxb4 23. Bxb4 Nxb4 24. Qd2 Rhg8 25. Rxd4 Rxd4 26. Qxd4 Nc2 27. Qc3 Nxa1 28. Qxa1 h5 29. Qd4 Qf3 30. a4 Rd8 31. Qb2 h4 0-1

[Event "Jersey op"]
[Site "St Helier"]
[Date "1999.02.14"]
[Round "1"]
[White "Bourne, James"]
[Black "Ward, Christopher"]
[Result "0-1"]
[WhiteElo "2085"]
[BlackElo "2482"]
[PlyCount "58"]
[EventDate "1999.02.??"]
[EventType "swiss"]
[EventRounds "7"]
[EventCountry "JCI"]
[SourceTitle "EXT 2000"]
[Source "ChessBase"]
[SourceDate "1999.11.16"]
[SourceVersion "1"]
[SourceVersionDate "1999.11.16"]
[SourceQuality "1"]

1. d4 Nf6 2. Nf3 e6 3. Bg5 c5 4. c3 h6 5. Bh4 b6 6. e3 Bb7 7. Bd3 Be7 8. Nbd2 g5 9. Bg3 g4 10. Ne5 h5 11. f3 d6 12. Nec4 b5 13. Na3 a6 14. Qe2 h4 15. Bf4 h3 16. e4 Nc6 17. Be3 cxd4 18. Bxd4 Nxd4 19. cxd4 hxg2 20. Qxg2 gxf3 21. Qxf3 d5 22. e5 Bxa3 23. bxa3 Ne4 24. Rf1 Qh4+ 25. Kd1 0-0-0 26. Qxf7 Nxd2 27. Qxe6+ Kb8 28. Kxd2 Qxd4 29. Rac1 Rxh2+ 0-1

[Event "Monarch Assurance 07th"]
[Site "Port Erin"]
[Date "1998.11.09"]
[Round "3"]
[White "Martinovsky, Eugene Simeon"]
[Black "Bourne, James"]
[Result "1/2-1/2"]
[WhiteElo "2365"]
[BlackElo "2065"]
[PlyCount "112"]
[EventDate "1998.11.07"]
[EventType "swiss"]
[EventRounds "9"]
[EventCountry "IOM"]
[SourceTitle "CBM 067 Extra"]
[Source "ChessBase"]
[SourceDate "1999.01.01"]
[SourceVersion "1"]
[SourceVersionDate "1999.01.01"]
[SourceQuality "1"]

1. d4 d5 2. c4 e6 3. Nc3 Nf6 4. Nf3 Be7 5. g3 b6 6. Bg2 Bb7 7. 0-0 0-0 8. Ne5 Qc8 9. cxd5 Nxd5 10. Nxd5 exd5 11. Bf4 f6 12. Nd3 g5 13. Bd2 c6 14. e4 Na6 15. Re1 Rf7 16. Rc1 Qd8 17. e5 c5 18. exf6 Bxf6 19. dxc5 Nxc5 20. Ne5 Re7 21. Ng4 Bg7 22. Rxe7 Qxe7 23. Be3 d4 24. Bxb7 Qxb7 25. Bxg5 Rf8 26. Bf4 Qe4 27. f3 Qd5 28. Ne3 Qh5 29. Ng2 Qd5 30. b4 Ne6 31. Qb3 Qxb3 32. axb3 Nxf4 33. Nxf4 Bh6 34. Rc7 Bxf4 35. gxf4 Rxf4 36. Kf2 Rh4 37. Kg3 Rh5 38. Rxa7 Rb5 39. Ra4 d3 40. Kf2 Rh5 41. Ke3 Rxh2 42. Kxd3 Rh6 43. Ra7 Rf6 44. Ke4 h5 45. f4 h4 46. Ra2 Re6+ 47. Kf3 Rc6 48. Re2 h3 49. Re3 Rc2 50. Ke4 h2 51. Rh3 Rb2 52. Ke5 Kf7 53. f5 Re2+ 54. Kf4 Kf6 55. Rh6+ Kg7 56. Rh5 Kf6 1/2-1/2

[Event "Monarch Assurance 07th"]
[Site "Port Erin"]
[Date "1998.11.07"]
[Round "1"]
[White "Bourne, James"]
[Black "Benson, Paul J"]
[Result "1-0"]
[WhiteElo "2065"]
[BlackElo "2010"]
[PlyCount "104"]
[EventDate "1998.11.07"]
[EventType "swiss"]
[EventRounds "9"]
[EventCountry "IOM"]
[SourceTitle "CBM 067 Extra"]
[Source "ChessBase"]
[SourceDate "1999.01.01"]
[SourceVersion "1"]
[SourceVersionDate "1999.01.01"]
[SourceQuality "1"]

1. d4 e6 2. Nf3 d5 3. c4 c6 4. Nc3 f5 5. Bf4 Bd6 6. Bxd6 Qxd6 7. e3 Nh6 8. Ne5 0-0 9. Bd3 Nd7 10. Nxd7 Bxd7 11. h3 f4 12. Qe2 fxe3 13. Qxe3 dxc4 14. Bxc4 Nf5 15. Qe5 Qxd4 16. Qxd4 Nxd4 17. 0-0-0 c5 18. Ne4 b6 19. f3 Bc6 20. Rhe1 Bd5 21. Bxd5 exd5 22. Nc3 Rad8 23. Re5 Rf5 24. Rxf5 Nxf5 25. Rxd5 Rxd5 26. Nxd5 Nh4 27. Ne3 Kf7 28. Kd2 Ke6 29. f4 Nf5 30. Nxf5 Kxf5 31. Ke3 h5 32. g3 Ke6 33. Ke4 g6 34. g4 h4 35. a4 a6 36. b3 a5 37. g5 Kd6 38. f5 gxf5+ 39. Kxf5 Ke7 40. Kg6 b5 41. axb5 a4 42. bxa4 c4 43. Kh7 c3 44. g6 c2 45. g7 c1Q 46. g8Q Qc2+ 47. Qg6 Qxa4 48. b6 Kd7 49. Qf7+ Kd8 50. Qc7+ Ke8 51. b7 Qe4+ 52. Kh8 Qe5+ 1-0

[Event "Smith & Williamson YM-B 8th"]
[Site "Witley"]
[Date "1998.07.22"]
[Round "6"]
[White "Largevsky, Joanna"]
[Black "Bourne, James"]
[Result "1/2-1/2"]
[WhiteElo "2039"]
[BlackElo "2065"]
[PlyCount "70"]
[EventDate "1998.07.20"]
[EventType "swiss"]
[EventRounds "11"]
[EventCountry "ENG"]
[SourceTitle "EXT 1999"]
[Source "ChessBase"]
[SourceDate "1998.11.16"]
[SourceVersion "1"]
[SourceVersionDate "1998.11.16"]
[SourceQuality "1"]

1. e4 d5 2. exd5 Qxd5 3. Nc3 Qa5 4. d4 Nf6 5. Bc4 c6 6. Bd2 Bg4 7. Nf3 Nbd7 8. Nd5 Qd8 9. Nxf6+ exf6 10. 0-0 Be7 11. Re1 0-0 12. Qe2 Re8 13. Bd3 Nb6 14. c3 Qd7 15. Bc2 g6 16. h3 Ba3 17. Be3 Bxf3 18. Qxf3 Bxb2 19. Bh6 Re6 20. Rab1 Ba3 21. Bb3 Nd5 22. c4 Ne7 23. g4 Rxe1+ 24. Rxe1 Qxd4 25. Rd1 Qe5 26. Bf4 Qa5 27. Bd2 Bb4 28. Bxb4 Qxb4 29. Qxf6 Re8 30. Kg2 a5 31. Rd4 Qe1 32. Rf4 Qe6 33. Qd4 c5 34. Qxc5 Qc6+ 35. Qxc6 Nxc6 1/2-1/2

[Event "Smith & Williamson YM-B 8th"]
[Site "Witley"]
[Date "1998.07.21"]
[Round "3"]
[White "Bourne, James"]
[Black "Davies, Paul S"]
[Result "1/2-1/2"]
[WhiteElo "2065"]
[BlackElo "2055"]
[PlyCount "34"]
[EventDate "1998.07.20"]
[EventType "swiss"]
[EventRounds "11"]
[EventCountry "ENG"]
[SourceTitle "EXT 1999"]
[Source "ChessBase"]
[SourceDate "1998.11.16"]
[SourceVersion "1"]
[SourceVersionDate "1998.11.16"]
[SourceQuality "1"]

1. d4 Nf6 2. Nf3 e6 3. Bg5 h6 4. Bh4 Be7 5. e3 b6 6. Be2 Bb7 7. 0-0 Ne4 8. Bxe7 Qxe7 9. Nbd2 Nxd2 10. Nxd2 0-0 11. c3 d6 12. Bf3 Bxf3 13. Nxf3 Nd7 14. Qe2 e5 15. dxe5 Nxe5 16. Nxe5 Qxe5 17. Qf3 Qb5 1/2-1/2

[Event "Smith & Williamson YM-B 8th"]
[Site "Witley"]
[Date "1998.07.20"]
[Round "1"]
[White "Bourne, James"]
[Black "Kapadia, Sujit R"]
[Result "1/2-1/2"]
[WhiteElo "2065"]
[BlackElo "1872"]
[PlyCount "72"]
[EventDate "1998.07.20"]
[EventType "swiss"]
[EventRounds "11"]
[EventCountry "ENG"]
[SourceTitle "EXT 1999"]
[Source "ChessBase"]
[SourceDate "1998.11.16"]
[SourceVersion "1"]
[SourceVersionDate "1998.11.16"]
[SourceQuality "1"]

1. d4 d5 2. c4 c6 3. Nf3 Nf6 4. Nc3 dxc4 5. a4 Bf5 6. Ne5 e6 7. f3 Bb4 8. e4 Bxe4 9. fxe4 Nxe4 10. Bd2 Qxd4 11. Nxe4 Bxd2+ 12. Qxd2 Qxe5 13. 0-0-0 0-0 14. Qd4 Qxd4 15. Rxd4 b5 16. b3 cxb3 17. axb5 cxb5 18. Bxb5 Rc8+ 19. Rc4 Rxc4+ 20. Bxc4 Nc6 21. Bxb3 Nd4 22. Ba4 Rc8+ 23. Kd2 Rc4 24. Rc1 Rxc1 25. Kxc1 Kf8 26. Nd6 e5 27. Kd2 a6 28. Ne4 Ne6 29. Ke3 Ke7 30. Bb3 Nd4 31. Ba4 Ne6 32. Bb3 f5 33. Bxe6 Kxe6 34. Nc5+ Kd5 35. Nxa6 f4+ 36. Kf3 g5 1/2-1/2